000
00373nam a22001577a 4500
003
MPLRDC
005
20220104114213.0
008
210129b ||||| |||| 00| 0 eng d
082
_a
782.8411 LSM-3
100
_a
徐亮之
245
_a
唐太宗新传
_c
260
_a
_b
现代出版公司
_c
300
_b
平
650
_a
李世民传记
942
_c
BK
_o
782.8411 LSM-3
999
_c
5638
_d
5628